| 000 | 02138nam0a2200361 4500 | ||
|---|---|---|---|
| 001 | RU\NLR\b_ik\203377 | ||
| 005 | 20250613195106.0 | ||
| 021 |
_aRU _b2013-46549 _93233 |
||
| 035 | _a(NLR Aleph) 009999150 | ||
| 090 |
_a9782112 _c9782112 |
||
| 100 | _a20130711d2013 |||y0rusy50 ca | ||
| 101 | 0 |
_aeng _drus |
|
| 102 | _aRU | ||
| 105 | _aa ||||||||| | ||
| 200 | 1 |
_aElectrostatics as a factor of biomolecular recognition in processes of transcription and translation _fV.S. Sivozhelezov, I.V. Bednyakov, T.P. Akishina [et al.] |
|
| 210 |
_aDubna _cИздательский отдел Объединенного института ядерных исследований _d2013 |
||
| 215 |
_a14, [1] c. _cил. _d22 |
||
| 225 | 1 |
_aСообщения Объединенного института ядерных исследований, Дубна _vE-19-2012-146 |
|
| 300 | _aНа 3-й с. обл.: Электростатика как фактор биомолекулярного распознавания в процессах транскрипции и трансляции / Сивожелезов В.С. и др. | ||
| 300 | _aРез. на рус. яз. | ||
| 320 | _aБиблиогр. в конце кн. (24 назв.) | ||
| 517 | 0 | _aЭлектростатика как фактор биомолекулярного распознавания в процессах транскрипции и трансляции | |
| 541 | 0 |
_aЭлектростатистика как фактор биомолекулярного распознания в процессах транскрипции и трансляции. _zrus |
|
| 606 | 1 |
_aНуклеиновые кислоты _xЭлектростатическое взаимодействие _92157484 _3RU\NLR\auth\661603395 |
|
| 686 | _aЕ041.12 | ||
| 701 | 1 |
_aSivoželezov _bV. S. _gViktor Semenovič _4070 |
|
| 701 | 1 |
_aBednjakov _bI. V. _4070 |
|
| 701 | 1 |
_aAkišina _bT. P. _gTat'jana Pavlovna _4070 |
|
| 801 | 0 |
_aRU _bNLR _c20130711 _gRCR |
|
| 801 | 1 |
_aRU _bNLR _c20130711 |
|
| 942 | _cBOOK | ||
| 980 | _aNB | ||